Tanks By Picture Vol.1 BT Series - Statistics

General Stats
  • This quiz has been taken 52 times
  • The average score is 5 of 10
Answer Stats
Picture Answer % Correct
BT-5
82%
BT-42
76%
BT-2
66%
BT-7-1
63%
BT-7-2
63%
BT-7M
61%
RBT-5
61%
BT-7A
34%
BT-IS
24%
BT-43
13%
No matching quizzes found
Score Distribution
Percent of People with Each Score
Percentile by Number Answered
Your Score History
You have not taken this quiz